| 000 | 01570 a2200229 4500 | ||
|---|---|---|---|
| 001 | 47664 | ||
| 005 | 20260407155743.0 | ||
| 008 | 260407a1993 arg spa d | ||
| 003 | AR-UNSa-BCEJYS | ||
| 040 |
_aAR-UNSa-BCEJYS _bspa _cAR-UNSa-BCEJYS |
||
| 080 |
_a336.2:342 _xDerecho Constitucional Tritutario |
||
| 245 | 1 | 0 | _aDerecho constitucional tributario |
| 020 | _a950-14-0730-6 | ||
| 264 | 1 |
_aBuenos Aires : _bEdiciones Depalma _c1993 |
|
| 300 |
_a476 p. _c23 cm. |
||
| 505 | _a1. Importancia de los estudios y de la enseñanza del derecho constitucional - 2. Las garantías constitucionales de los derechos de los contribuyentes - 3. Los poderes financieros del gobierno federal - 4. La legalidad: puntal de la libertad - 5. División de poderes y delegación de facultades en el sistema de la Constitución Argentina - 6. La unidad de la Nación y los poderes financieros provinciales - 7. Régimen tributario del municipio bonaerense - 8. Exenciones impositivas provinciales dispuestas por leyes de la Nación - 9. Sustancia institucional de la obligación tributaria - 10. Principales factores de una eficiente recaudación tributaria - 11. Acerca de la terminología jurídica en la Ley de Contabilidad Nacional - 12. Presupuesto. Recursos. Gastos. Control - 13. Una autonomía singular: el banco de la provincia de Buenos Aires - | ||
| 041 | _aspa | ||
| 942 | _cBK | ||
| 590 | _aniveau_biblio:m niveau_hierar:0 | ||
| 100 | 1 | _aLuqui, Juan Carlos | |
| 856 | 4 | 1 |
_uhttps://www.biblioeco.unsa.edu.ar/pmb/images/libros/L128698.jpg _yImagen de portada _qimage/jpeg |
| 999 |
_c4429 _d4429 |
||